El paraguayo independiente (Record no. 118024)

MARC details
000 -LEADER
campo de control de longitud fija 00735nam a2200181 4500
001 - NÚMERO DE CONTROL
campo de control 118024
003 - IDENTIFICADOR DE NÚMERO DE CONTROL
campo de control ES-MaACL
007 - CAMPO FIJO DE DESCRIPCIÓN FÍSICA--INFORMACIÓN GENERAL
campo de control de longitud fija t|
008 - DATOS DE LONGITUD FIJA--INFORMACIÓN GENERAL
campo de control de longitud fija 070214s1930 py r ||||1| spa d
245 03 - MENCIÓN DEL TÍTULO
Título El paraguayo independiente
Resto del título : 1845-Abril 26-Septiembre 18 - 1852... /
Mención de responsabilidad, etc. hecha... bajo la dirección de la Comisión compuesta de los H. Diputados Nacionales Dr. Justo Pastor Benítez, Don César Augusto Vasconcellos y D. Eusebio Aveiro Lugo.
250 ## - MENCION DE EDICION
Mención de edición 3ª ed.
260 ## - PUBLICACIÓN, DISTRIBUCIÓN, ETC.
Lugar de publicación, distribución, etc. Asunción (Paraguay) :
Nombre del editor, distribuidor, etc. [s. n.],
Fecha de publicación, distribución, etc. 1930 (
Fabricante Imp. Nacional)
300 ## - DESCRIPCIÓN FÍSICA
Extensión 651 p. ;
Dimensiones 28 cm.
700 1# - ENTRADA AGREGADA--NOMBRE PERSONAL
Nombre de persona Pastor Benítez, Justo.
9 (RLIN) 89496
700 1# - ENTRADA AGREGADA--NOMBRE PERSONAL
Nombre de persona Augusto Vasconcellos, César.
9 (RLIN) 23901
700 1# - ENTRADA AGREGADA--NOMBRE PERSONAL
Nombre de persona Aveiro Lugo, Eusebio.
9 (RLIN) 23999
852 ## - LOCALIZACIÓN
Ubicación ES-MaACL
Número de control de estantería C-7086
Holdings
Estatus retirado Estado de pérdida Estado de daño No para préstamo Biblioteca de origen Biblioteca actual Ubicación en estantería Fecha de adquisición Fuente de adquisición Total de préstamos Signatura topográfica completa Código de barras Visto por última vez Precio de reemplazo Tipo de ítem Koha
        Biblioteca del Ateneo de Madrid Biblioteca del Ateneo de Madrid Sala Palomar 17/01/2008     C-7086 1123042 23/02/2023 23/02/2023 Libro impreso